Nagła śmierć-Złota Piłka - Statystyki

Ogólne statystyki
  • Ten quiz został rozwiązany 1 143 razy
  • Średni wynik to 20 z 46
Answers on the Grid
Answers color-coded by a green-red scale on the quiz's grid according to % correct below.
Bellingham
Di Stefano
Kopa
van Dijk
Jorginho
Iniesta
Suarez(z Hiszpani)
Masopust
Jaszyn
Lewandowski
Eusebio
Charlton
Neymar
Albert
Best
Kante
Rivera
Keegan
Law
Figo
Ibrahimović
Cruijff
Robben
Beckenbauer
Błaszczykowski
Casillas
Xavi
Yamal
Matthews
Deyna
Simonsen
Rummenigge
Rossi
Buffon
Platini
Griezmann
Sivori
De Bruyne
Stoiczkow
Neuer
Biełanow
Drogba
Błochin
Gullit
Ramos
Mount
Van Basten
Matthaus
C.Ronaldo
Ribery
Papin
Lampard
Roanldo Nazario
Baggio
Muller
Raul
Suarez( z Urugwaju)
Weah(z Liberii)
Haaland
Sammer
Zidane
Forlan
Pirlo
Rooney
Salah
Rivaldo
Owen
Nedved
Rodri
Mane
Szewczenko
Ronaldinho
Piszczek
Kaka
Messi
Modrić
Benzema
Eto'o
Cannavaro
Vinicius
 
Statystyki odpowiedzi
Odpowiedź % Poprawnych
Di Stefano
79%
C.Ronaldo
62%
Messi
62%
Cruijff
61%
Jaszyn
60%
Figo
58%
Modrić
56%
Roanldo Nazario
56%
Beckenbauer
54%
Ronaldinho
54%
Benzema
53%
Eusebio
53%
Kaka
52%
Platini
52%
Zidane
52%
Szewczenko
51%
Van Basten
51%
Best
50%
Cannavaro
49%
Rodri
49%
Suarez(z Hiszpani)
46%
Gullit
45%
Nedved
44%
Stoiczkow
44%
Charlton
43%
Rivaldo
43%
Weah(z Liberii)
43%
Owen
42%
Matthaus
41%
Baggio
39%
Kopa
39%
Papin
37%
Rummenigge
36%
Matthews
34%
Keegan
32%
Law
32%
Sammer
30%
Biełanow
29%
Błochin
29%
Masopust
28%
Rossi
28%
Muller
27%
Rivera
27%
Simonsen
27%
Sivori
26%
Albert
25%
Nie znaleziono quizów pasujących do podanych kryteriów
Rozkład punktacji
Procent ludzi z każdym wynikiem
Percentyl według liczby udzielonych odpowiedzi
Twoja historia wyników
Nie rozwiązałeś tego quizu